| 000 | 01100cam a2200313 i 4500 | ||
|---|---|---|---|
| 001 | 62417 | ||
| 003 | Mx-PuUPA | ||
| 005 | 20230902090307.0 | ||
| 008 | 150416s2002 mx ao gr 000 0 spa d | ||
| 020 | _a9688636037 | ||
| 040 |
_aMx-PuUPA _bspa _cMx-PuUPA _dMx-PuUPA _erda |
||
| 041 | 0 | _aspa | |
| 043 |
_2mx-mxbn _bn-mx-pu |
||
| 100 | 1 |
_aMerino, Joel _eautor _9310 |
|
| 245 | 1 | 0 |
_aTepeyac en Nueva York / _cJoel Merino. |
| 250 | _aPrimera edición | ||
| 264 | 1 |
_aPuebla, México : _bBenemérita Universidad Autónoma de Puebla, _c2002 |
|
| 300 |
_a115 páginas : _bilustraciones, fotografías (a color) ; _c20 cm |
||
| 336 |
_atexto _2rdacontent _btxt |
||
| 337 |
_asin medio _2rdamedia _bn |
||
| 338 |
_aVolumen _2rdacarrier _bnc |
||
| 600 | 0 | 4 |
_aVirgen de Guadalupe _zNueva York, (Estados Unidos) _xCulto |
| 650 | 7 |
_aFotógrafos mexicanos _2armarc |
|
| 650 | 7 |
_aMigrantes mexicanos _zNueva York, (Estados Unidos) _xFotografías _2armarc |
|
| 650 | 7 |
_aArte mexicano _ySiglo XX _2armarc |
|
| 942 |
_2ddc _cLI _h770.972 _iM552 |
||
| 999 |
_c62417 _d62417 |
||